000
00347nam a2200169Ia 4500
003
IT-RoPAU
008
120407s9999 xx 000 0 und d
040
_a
IT-RoPAU
040
_c
IT-RoPAU
100
_a
Federico Gugliemo Faber
245
_a
Betlemme
250
_a
Torino
260
_a
Marietti
300
_c
cm
490
_v
1
942
_c
BK
999
_c
7976
_d
7976